[Event "XLIV Memoriał Szachowy Ludwika Zamenhofa 2025, Grupa B"]
[Site "Bialystok, Poland"]
[Date "2025.12.29"]
[Round "5.5"]
[White "Medvedyk, Volodymyr"]
[Black "Kaminski, Jan"]
[Result "1-0"]
[TimeControl "90'+30\""]
[WhiteElo "2138"]
[BlackElo "1922"]

1. Nf3 {[%clk 01:22:19]} {[%emt 00:08:40]} Nf6 {[%clk 01:30:46]} {[%emt
00:00:14]} 2. c4 {[%clk 01:22:21]} {[%emt 00:00:29]} c6 {[%clk 01:31:11]}
{[%emt 00:00:04]} 3. g3 {[%clk 01:22:33]} {[%emt 00:00:18]} d5 {[%clk
01:31:38]} {[%emt 00:00:04]} 4. Bg2 {[%clk 01:22:54]} {[%emt 00:00:08]} dxc4
{[%clk 01:31:46]} {[%emt 00:00:22]} 5. O-O {[%clk 01:18:15]} {[%emt 00:05:10]}
Nbd7 {[%clk 01:31:48]} {[%emt 00:00:28]} 6. Na3 {[%clk 01:16:05]} {[%emt
00:02:40]} Nb6 {[%clk 01:31:41]} {[%emt 00:00:36]} 7. Qc2 {[%clk 01:15:07]}
{[%emt 00:01:28]} Be6 {[%clk 01:31:28]} {[%emt 00:00:43]} 8. Ng5 {[%clk
01:13:00]} {[%emt 00:02:37]} Bg4 {[%clk 01:30:54]} {[%emt 00:01:03]} 9. Nxc4
{[%clk 01:09:24]} {[%emt 00:04:07]} Bxe2 {[%clk 01:29:52]} {[%emt 00:01:31]} 10.
Ne5 {[%clk 01:09:02]} {[%emt 00:00:53]} Bh5 {[%clk 01:29:29]} {[%emt 00:00:54]}
11. a4 {[%clk 00:45:22]} {[%emt 00:24:10]} Nbd7 {[%clk 01:04:33]} {[%emt
00:25:24]} 12. d4 {[%clk 00:39:25]} {[%emt 00:06:29]} e6 {[%clk 01:03:22]}
{[%emt 00:01:40]} 13. a5 {[%clk 00:38:44]} {[%emt 00:01:12]} Nxe5 {[%clk
00:57:11]} {[%emt 00:06:40]} 14. dxe5 {[%clk 00:37:14]} {[%emt 00:02:00]} Nd5
{[%clk 00:57:19]} {[%emt 00:00:21]} 15. a6 {[%clk 00:34:46]} {[%emt 00:02:59]}
Qc7 {[%clk 00:53:50]} {[%emt 00:03:53]} 16. Bxd5 {[%clk 00:32:06]} {[%emt
00:03:16]} exd5 {[%clk 00:53:50]} {[%emt 00:00:30]} 17. e6 {[%clk 00:18:35]}
{[%emt 00:14:01]} O-O-O {[%clk 00:51:11]} {[%emt 00:03:09]} 18. axb7+ {[%clk
00:15:40]} {[%emt 00:03:26]} Kxb7 {[%clk 00:51:17]} {[%emt 00:00:24]} 19. Be3
{[%clk 00:11:20]} {[%emt 00:04:49]} d4 {[%clk 00:50:11]} {[%emt 00:01:36]} 20.
Bd2 {[%clk 00:08:15]} {[%emt 00:03:36]} Rd5 {[%clk 00:48:54]} {[%emt 00:01:47]}
21. exf7 {[%clk 00:05:51]} {[%emt 00:02:54]} Bxf7 {[%clk 00:41:50]} {[%emt
00:07:34]} 22. Nxf7 {[%clk 00:04:02]} {[%emt 00:02:19]} Qxf7 {[%clk 00:42:19]}
{[%emt 00:00:01]} 23. Rxa7+ {[%clk 00:03:01]} {[%emt 00:01:32]} Kxa7 {[%clk
00:42:36]} {[%emt 00:00:12]} 24. Qxc6 {[%clk 00:02:50]} {[%emt 00:00:41]} Ra5
{[%clk 00:33:57]} {[%emt 00:09:09]} 25. Bxa5 {[%clk 00:03:19]} Qb7 {[%clk
00:34:13]} {[%emt 00:00:14]} 26. Bb6+ {[%clk 00:03:23]} {[%emt 00:00:26]} Kb8
{[%clk 00:34:09]} {[%emt 00:00:33]} 27. Qe8+ {[%clk 00:03:45]} {[%emt
00:00:08]} Qc8 {[%clk 00:34:33]} {[%emt 00:00:07]} 28. Ba7+ {[%clk 00:04:05]}
{[%emt 00:00:10]} Kb7 {[%clk 00:34:54]} {[%emt 00:00:09]} 29. Qb5+ {[%clk
00:04:25]} {[%emt 00:00:10]} Ka8 {[%clk 00:35:09]} {[%emt 00:00:13]} 30. Ra1
{[%clk 00:04:35]} {[%emt 00:00:21]} 1-0

[Event "XLIV Memoriał Szachowy Ludwika Zamenhofa 2025, Grupa B"]
[Site "Bialystok, Poland"]
[Date "2025.12.29"]
[Round "5.6"]
[White "Businski, Jan"]
[Black "Padalka, Artem"]
[Result "1/2-1/2"]
[TimeControl "90'+30\""]
[WhiteElo "1867"]
[BlackElo "2111"]

1. d4 {[%clk 01:30:57]} {[%emt 00:00:02]} d5 {[%clk 01:25:21]} {[%emt
00:05:40]} 2. Nf3 {[%clk 01:31:16]} {[%emt 00:00:11]} Nf6 {[%clk 01:25:21]}
{[%emt 00:00:29]} 3. c4 {[%clk 01:31:41]} {[%emt 00:00:07]} e6 {[%clk
01:25:41]} {[%emt 00:00:09]} 4. e3 {[%clk 01:32:00]} {[%emt 00:00:11]} c5
{[%clk 01:18:15]} {[%emt 00:07:55]} 5. cxd5 {[%clk 01:32:21]} {[%emt 00:00:10]}
exd5 {[%clk 01:16:26]} {[%emt 00:02:18]} 6. Bb5+ {[%clk 01:32:47]} {[%emt
00:00:05]} Nc6 {[%clk 01:14:17]} {[%emt 00:02:39]} 7. O-O {[%clk 01:31:07]}
{[%emt 00:02:10]} a6 {[%clk 01:11:08]} {[%emt 00:03:39]} 8. Be2 {[%clk
01:25:51]} {[%emt 00:05:46]} Bd6 {[%clk 00:55:22]} {[%emt 00:16:17]} 9. b3
{[%clk 01:23:05]} {[%emt 00:03:16]} O-O {[%clk 00:44:23]} {[%emt 00:11:28]} 10.
Bb2 {[%clk 01:21:37]} {[%emt 00:01:58]} Re8 {[%clk 00:40:51]} {[%emt 00:04:02]}
11. a3 {[%clk 01:12:31]} {[%emt 00:09:36]} Bg4 {[%clk 00:39:24]} {[%emt
00:01:57]} 12. h3 {[%clk 01:01:28]} {[%emt 00:11:33]} Bh5 {[%clk 00:39:51]}
{[%emt 00:00:04]} 13. Re1 {[%clk 00:51:40]} {[%emt 00:10:17]} Rc8 {[%clk
00:37:40]} {[%emt 00:02:41]} 14. dxc5 {[%clk 00:47:04]} {[%emt 00:05:06]} Bxc5
{[%clk 00:38:03]} {[%emt 00:00:06]} 15. b4 {[%clk 00:47:31]} {[%emt 00:00:04]}
Ba7 {[%clk 00:37:39]} {[%emt 00:00:54]} 16. Nbd2 {[%clk 00:34:43]} {[%emt
00:13:18]} Ne4 {[%clk 00:21:42]} {[%emt 00:16:27]} 17. Nxe4 {[%clk 00:28:59]}
{[%emt 00:06:14]} dxe4 {[%clk 00:21:55]} {[%emt 00:00:14]} 18. Nd4 {[%clk
00:29:19]} {[%emt 00:00:12]} Nxd4 {[%clk 00:19:09]} {[%emt 00:03:17]} 19. Bxd4
{[%clk 00:29:37]} {[%emt 00:00:12]} Bxd4 {[%clk 00:19:07]} {[%emt 00:00:31]} 20.
Qxd4 {[%clk 00:29:55]} {[%emt 00:00:12]} Qxd4 {[%clk 00:13:51]} {[%emt
00:05:46]} 21. exd4 {[%clk 00:30:19]} {[%emt 00:00:06]} Bxe2 {[%clk 00:14:08]}
{[%emt 00:00:13]} 22. Rxe2 {[%clk 00:30:46]} {[%emt 00:00:04]} f5 {[%clk
00:13:44]} {[%emt 00:00:53]} 23. Raa2 {[%clk 00:07:26]} {[%emt 00:23:52]} Kf7
{[%clk 00:09:04]} {[%emt 00:05:09]} 24. Rec2 {[%clk 00:07:05]} {[%emt
00:00:51]} Ke6 {[%clk 00:03:20]} {[%emt 00:06:13]} 25. Kf1 {[%clk 00:04:17]}
{[%emt 00:03:18]} Kd5 {[%clk 00:01:11]} {[%emt 00:02:40]} 26. Rc5+ {[%clk
00:03:04]} {[%emt 00:01:43]} Rxc5 {[%clk 00:01:39]} {[%emt 00:00:02]} 27. dxc5
{[%clk 00:03:28]} {[%emt 00:00:06]} Kc4 {[%clk 00:02:07]} {[%emt 00:00:01]} 28.
Rd2 {[%clk 00:03:52]} {[%emt 00:00:06]} Re7 {[%clk 00:02:29]} {[%emt 00:00:08]}
29. Rd6 {[%clk 00:04:06]} {[%emt 00:00:17]} Rc7 {[%clk 00:02:10]} {[%emt
00:00:49]} 30. Rb6 {[%clk 00:03:41]} {[%emt 00:00:54]} a5 {[%clk 00:01:37]}
{[%emt 00:01:04]} 31. bxa5 {[%clk 00:03:03]} {[%emt 00:01:08]} Kxc5 {[%clk
00:01:59]} {[%emt 00:00:08]} 32. g3 {[%clk 00:03:23]} {[%emt 00:00:10]} Rf7
{[%clk 00:00:52]} {[%emt 00:01:36]} 33. h4 {[%clk 00:03:33]} {[%emt 00:00:21]}
g6 {[%clk 00:01:05]} {[%emt 00:00:16]} 34. Ke2 {[%clk 00:03:21]} {[%emt
00:00:43]} Kd4 {[%clk 00:01:24]} {[%emt 00:00:11]} 35. a4 {[%clk 00:03:03]}
{[%emt 00:00:47]} Rc7 {[%clk 00:01:41]} {[%emt 00:00:14]} 36. Rd6+ {[%clk
00:03:17]} {[%emt 00:00:16]} Ke5 {[%clk 00:01:14]} {[%emt 00:00:57]} 37. Rb6
{[%clk 00:03:28]} {[%emt 00:00:19]} Kd4 {[%clk 00:00:54]} {[%emt 00:00:50]} 38.
Rd6+ {[%clk 00:03:53]} {[%emt 00:00:05]} Ke5 {[%clk 00:01:13]} {[%emt
00:00:11]} 39. Rb6 {[%clk 00:04:04]} {[%emt 00:00:18]} Rf7 {[%clk 00:01:10]}
{[%emt 00:00:33]} 40. Ke3 {[%clk 00:04:24]} {[%emt 00:00:11]} Rd7 {[%clk
00:01:25]} {[%emt 00:00:15]} 41. Ke2 {[%clk 00:01:48]} {[%emt 00:03:06]} Rg7
{[%clk 00:01:06]} {[%emt 00:00:48]} 42. Kd2 {[%clk 00:01:11]} {[%emt 00:01:08]}
Kd4 {[%clk 00:00:42]} {[%emt 00:00:54]} 43. Rb4+ {[%clk 00:01:27]} {[%emt
00:00:13]} Kc5 {[%clk 00:01:02]} {[%emt 00:00:10]} 44. Rb6 {[%clk 00:01:53]}
{[%emt 00:00:05]} Kd4 {[%clk 00:01:04]} {[%emt 00:00:28]} 45. Rb4+ {[%clk
00:02:20]} {[%emt 00:00:03]} Kc5 {[%clk 00:00:46]} {[%emt 00:00:48]} 46. Rb6
{[%clk 00:02:46]} {[%emt 00:00:05]} Rd7+ {[%clk 00:00:54]} {[%emt 00:00:21]} 47.
Ke2 {[%clk 00:02:57]} {[%emt 00:00:18]} Kd4 {[%clk 00:00:49]} {[%emt 00:00:35]}
48. Rb4+ {[%clk 00:03:17]} {[%emt 00:00:11]} Kc3 {[%clk 00:01:09]} {[%emt
00:00:09]} 49. Rb5 {[%clk 00:03:33]} {[%emt 00:00:14]} Kd4 {[%clk 00:00:39]}
{[%emt 00:01:00]} 50. Rb4+ {[%clk 00:03:54]} {[%emt 00:00:10]} Kc3 {[%clk
00:01:07]} {[%emt 00:00:02]} 51. Rb5 {[%clk 00:04:18]} {[%emt 00:00:05]} Rd2+
{[%clk 00:00:46]} {[%emt 00:00:51]} 52. Ke3 {[%clk 00:04:31]} {[%emt 00:00:17]}
Rd3 {[%clk 00:00:59]} {[%emt 00:00:17]} 53. Ke2 {[%clk 00:04:55]} {[%emt
00:00:07]} Rd2+ {[%clk 00:01:27]} {[%emt 00:00:02]} 54. Ke3 {[%clk 00:05:21]}
{[%emt 00:00:04]} Rd3 {[%clk 00:01:47]} {[%emt 00:00:10]} 55. Ke2 {[%clk
00:05:38]} {[%emt 00:00:12]} Rd2+ {[%clk 00:02:16]} {[%emt 00:00:02]} 56. Ke3
{[%emt 00:02:01]} Rb2 {[%emt 00:00:07]} 57. h5 {[%emt 00:00:02]} Rb3 1/2-1/2

[Event "XLIV Memoriał Szachowy Ludwika Zamenhofa 2025, Grupa B"]
[Site "Bialystok, Poland"]
[Date "2025.12.29"]
[Round "5.7"]
[White "Jaszczuk, Piotr"]
[Black "Budzisz, Adrian"]
[Result "0-1"]
[TimeControl "90'+30\""]
[WhiteElo "1844"]
[BlackElo "2065"]

1. e4 {[%clk 01:30:58]} {[%emt 00:00:02]} d6 {[%clk 01:30:49]} {[%emt
00:00:12]} 2. d4 {[%clk 01:31:21]} {[%emt 00:00:06]} Nf6 {[%clk 01:31:15]}
{[%emt 00:00:04]} 3. Nc3 {[%clk 01:31:41]} {[%emt 00:00:10]} g6 {[%clk
01:31:41]} {[%emt 00:00:04]} 4. Be3 {[%clk 01:30:52]} {[%emt 00:01:17]} Bg7
{[%clk 01:32:01]} {[%emt 00:00:11]} 5. f3 {[%clk 01:30:24]} {[%emt 00:00:59]}
a6 {[%clk 01:32:23]} {[%emt 00:00:07]} 6. Qd2 {[%clk 01:30:05]} {[%emt
00:00:50]} b5 {[%clk 01:32:27]} {[%emt 00:00:26]} 7. Bh6 {[%clk 01:27:16]}
{[%emt 00:03:18]} O-O {[%clk 01:30:04]} {[%emt 00:02:53]} 8. Bxg7 {[%clk
01:21:41]} {[%emt 00:06:05]} Kxg7 {[%clk 01:30:28]} {[%emt 00:00:05]} 9. O-O-O
{[%clk 01:21:53]} {[%emt 00:00:20]} b4 {[%clk 01:29:31]} {[%emt 00:01:28]} 10.
Nce2 {[%clk 01:21:10]} {[%emt 00:01:12]} a5 {[%clk 01:28:53]} {[%emt 00:01:08]}
11. g4 {[%clk 01:20:11]} {[%emt 00:01:29]} Nbd7 {[%clk 01:26:44]} {[%emt
00:02:39]} 12. h4 {[%clk 01:18:09]} {[%emt 00:02:31]} h5 {[%clk 01:25:15]}
{[%emt 00:01:59]} 13. g5 {[%clk 01:05:39]} {[%emt 00:13:00]} Ng8 {[%clk
01:23:06]} {[%emt 00:02:39]} 14. Ng3 {[%clk 01:03:38]} {[%emt 00:02:32]} c5
{[%clk 01:19:37]} {[%emt 00:04:00]} 15. f4 {[%clk 01:00:33]} {[%emt 00:03:34]}
cxd4 {[%clk 01:16:08]} {[%emt 00:03:58]} 16. Qxd4+ {[%clk 00:59:40]} {[%emt
00:01:23]} Kh7 {[%clk 01:16:34]} {[%emt 00:00:04]} 17. Nf3 {[%clk 00:57:22]}
{[%emt 00:02:48]} Qb6 {[%clk 01:14:42]} {[%emt 00:02:22]} 18. Rh2 {[%clk
00:29:41]} {[%emt 00:28:11]} Bb7 {[%clk 01:10:35]} {[%emt 00:04:38]} 19. Bh3
{[%clk 00:28:42]} {[%emt 00:01:29]} Qxd4 {[%clk 01:09:02]} {[%emt 00:02:03]} 20.
Rxd4 {[%clk 00:25:04]} {[%emt 00:04:07]} Nc5 {[%clk 01:06:45]} {[%emt
00:02:48]} 21. f5 {[%clk 00:22:30]} {[%emt 00:03:04]} Ra6 {[%clk 01:02:00]}
{[%emt 00:05:15]} 22. Rhd2 {[%clk 00:19:00]} {[%emt 00:03:59]} Rb6 {[%clk
00:57:12]} {[%emt 00:05:19]} 23. Ne1 {[%clk 00:17:34]} {[%emt 00:01:56]} Ba6
{[%clk 00:48:04]} {[%emt 00:09:38]} 24. Ng2 {[%clk 00:14:10]} {[%emt 00:03:53]}
a4 {[%clk 00:44:57]} {[%emt 00:03:38]} 25. b3 {[%clk 00:10:19]} {[%emt
00:04:21]} axb3 {[%clk 00:44:03]} {[%emt 00:01:24]} 26. axb3 {[%clk 00:10:42]}
{[%emt 00:00:06]} Bb7 {[%clk 00:44:05]} {[%emt 00:00:29]} 27. Ne3 {[%clk
00:07:35]} {[%emt 00:03:37]} Ra8 {[%clk 00:40:50]} {[%emt 00:03:44]} 28. Kd1
{[%clk 00:06:42]} {[%emt 00:01:24]} Ra1+ {[%clk 00:34:00]} {[%emt 00:07:20]} 29.
Ke2 {[%clk 00:07:06]} {[%emt 00:00:06]} Kg7 {[%clk 00:32:30]} {[%emt 00:02:00]}
30. Kf2 {[%clk 00:06:29]} {[%emt 00:01:07]} f6 {[%clk 00:27:55]} {[%emt
00:05:06]} 31. fxg6 {[%clk 00:05:30]} {[%emt 00:01:28]} fxg5 {[%clk 00:28:10]}
{[%emt 00:00:15]} 32. hxg5 {[%clk 00:02:26]} {[%emt 00:03:34]} Kxg6 {[%clk
00:25:34]} {[%emt 00:03:06]} 33. Nc4 {[%clk 00:02:04]} {[%emt 00:00:52]} Rb5
{[%clk 00:21:16]} {[%emt 00:04:48]} 34. e5 {[%clk 00:02:17]} {[%emt 00:00:16]}
d5 {[%clk 00:20:46]} {[%emt 00:01:01]} 35. Ne3 {[%clk 00:02:42]} {[%emt
00:00:05]} e6 {[%clk 00:20:02]} {[%emt 00:01:14]} 36. Rh4 {[%clk 00:02:08]}
{[%emt 00:01:03]} Ne7 {[%clk 00:19:51]} {[%emt 00:00:42]} 37. Ng2 {[%clk
00:00:42]} {[%emt 00:01:56]} Ne4+ {[%clk 00:16:28]} {[%emt 00:03:52]} 38. Nxe4
{[%clk 00:00:39]} {[%emt 00:00:34]} dxe4 {[%clk 00:16:55]} {[%emt 00:00:03]} 39.
Ke3 {[%clk 00:00:33]} {[%emt 00:00:36]} Kxg5 {[%clk 00:15:31]} {[%emt
00:01:53]} 40. Bxe6 {[%clk 00:00:33]} {[%emt 00:00:31]} Rxe5 {[%clk 00:15:17]}
{[%emt 00:00:43]} 41. Bd7 {[%clk 00:00:38]} {[%emt 00:00:26]} Rf1 {[%clk
00:14:03]} {[%emt 00:01:44]} 42. Rh2 {[%clk 00:00:31]} {[%emt 00:00:36]} Rf3+
{[%clk 00:13:59]} {[%emt 00:00:34]} 43. Ke2 {[%clk 00:00:33]} {[%emt 00:00:29]}
e3 {[%clk 00:14:13]} {[%emt 00:00:16]} 0-1

[Event "XLIV Memoriał Szachowy Ludwika Zamenhofa 2025, Grupa B"]
[Site "Bialystok, Poland"]
[Date "2025.12.29"]
[Round "5.8"]
[White "Reshetniak, Vitaliy"]
[Black "Fuks, Milan"]
[Result "1-0"]
[TimeControl "90'+30\""]
[WhiteElo "2048"]
[BlackElo "1917"]

1. d4 {[%clk 01:23:05]} {[%emt 00:07:55]} d5 {[%clk 01:30:37]} {[%emt
00:00:22]} 2. c4 {[%clk 01:23:28]} {[%emt 00:00:08]} dxc4 {[%clk 01:30:53]}
{[%emt 00:00:14]} 3. e4 {[%clk 01:23:31]} {[%emt 00:00:27]} c5 {[%clk
01:31:10]} {[%emt 00:00:12]} 4. d5 {[%clk 01:23:28]} {[%emt 00:00:34]} Nf6
{[%clk 01:31:33]} {[%emt 00:00:07]} 5. Nc3 {[%clk 01:23:25]} {[%emt 00:00:32]}
e6 {[%clk 01:31:52]} {[%emt 00:00:12]} 6. Nf3 {[%clk 01:23:08]} {[%emt
00:00:47]} exd5 {[%clk 01:25:01]} {[%emt 00:07:21]} 7. e5 {[%clk 01:23:16]}
{[%emt 00:00:22]} d4 {[%clk 01:13:55]} {[%emt 00:11:36]} 8. exf6 {[%clk
01:21:21]} {[%emt 00:02:25]} dxc3 {[%clk 01:10:58]} {[%emt 00:03:27]} 9. Qxd8+
{[%clk 01:15:55]} {[%emt 00:05:57]} Kxd8 {[%clk 01:10:41]} {[%emt 00:00:46]} 10.
Bg5 {[%clk 01:08:11]} {[%emt 00:08:14]} Kc7 {[%clk 01:03:59]} {[%emt 00:07:11]}
11. Bxc4 {[%clk 01:05:46]} {[%emt 00:02:56]} cxb2 {[%clk 00:59:15]} {[%emt
00:05:14]} 12. Rb1 {[%clk 01:02:35]} {[%emt 00:03:41]} Be6 {[%clk 00:53:09]}
{[%emt 00:06:37]} 13. Bxe6 {[%clk 01:02:53]} {[%emt 00:00:11]} fxe6 {[%clk
00:53:37]} {[%emt 00:00:02]} 14. Rxb2 {[%clk 01:03:18]} {[%emt 00:00:05]} Nd7
{[%clk 00:51:07]} {[%emt 00:03:00]} 15. Bf4+ {[%clk 01:02:02]} {[%emt
00:01:46]} Kc6 {[%clk 00:46:13]} {[%emt 00:05:24]} 16. Re2 {[%clk 01:02:10]}
{[%emt 00:00:23]} Bd6 {[%clk 00:40:26]} {[%emt 00:06:16]} 17. fxg7 {[%clk
01:01:26]} {[%emt 00:01:14]} Rhe8 {[%clk 00:38:50]} {[%emt 00:02:05]} 18. Bh6
{[%clk 00:55:39]} {[%emt 00:06:18]} Nf6 {[%clk 00:34:53]} {[%emt 00:04:26]} 19.
O-O {[%clk 00:55:29]} {[%emt 00:00:41]} Kd7 {[%clk 00:25:53]} {[%emt 00:09:30]}
20. Rd1 {[%clk 00:47:53]} {[%emt 00:08:05]} Rad8 {[%clk 00:23:55]} {[%emt
00:02:28]} 21. Bg5 {[%clk 00:41:38]} {[%emt 00:06:45]} Ke7 {[%clk 00:23:01]}
{[%emt 00:01:25]} 22. Red2 {[%clk 00:42:00]} {[%emt 00:00:08]} Bc7 {[%clk
00:20:20]} {[%emt 00:03:11]} 23. Rxd8 {[%clk 00:42:21]} {[%emt 00:00:09]} Bxd8
{[%clk 00:20:47]} {[%emt 00:00:04]} 24. Ne5 {[%clk 00:42:43]} {[%emt 00:00:07]}
Rg8 {[%clk 00:19:36]} {[%emt 00:01:41]} 25. Rd7+ {[%clk 00:40:52]} {[%emt
00:02:21]} Ke8 {[%clk 00:20:00]} {[%emt 00:00:06]} 26. Rxd8+ {[%clk 00:40:43]}
{[%emt 00:00:38]} Kxd8 {[%clk 00:20:28]} {[%emt 00:00:03]} 27. Bxf6+ {[%clk
00:41:08]} {[%emt 00:00:06]} Ke8 {[%clk 00:18:50]} {[%emt 00:02:07]} 28. g4
{[%clk 00:39:36]} {[%emt 00:02:02]} b5 {[%clk 00:18:58]} {[%emt 00:00:22]} 29.
Kf1 {[%clk 00:39:34]} {[%emt 00:00:32]} a5 {[%clk 00:19:13]} {[%emt 00:00:14]}
30. Ke2 {[%clk 00:39:42]} {[%emt 00:00:23]} a4 {[%clk 00:19:33]} {[%emt
00:00:10]} 31. Kd3 {[%clk 00:40:06]} {[%emt 00:00:06]} b4 {[%clk 00:19:50]}
{[%emt 00:00:13]} 32. Kc4 {[%clk 00:40:07]} {[%emt 00:00:29]} b3 {[%clk
00:19:28]} {[%emt 00:00:51]} 33. axb3 {[%clk 00:40:31]} {[%emt 00:00:07]} a3
{[%clk 00:19:53]} {[%emt 00:00:05]} 34. Kc3 {[%clk 00:40:57]} {[%emt 00:00:04]}
h6 {[%clk 00:20:16]} {[%emt 00:00:06]} 35. h4 {[%clk 00:41:16]} {[%emt
00:00:12]} c4 {[%clk 00:20:25]} {[%emt 00:00:22]} 36. bxc4 {[%clk 00:41:39]}
{[%emt 00:00:06]} a2 {[%clk 00:20:49]} {[%emt 00:00:05]} 37. Kb2 {[%clk
00:42:06]} {[%emt 00:00:04]} a1=Q+ {[%clk 00:21:07]} {[%emt 00:00:12]} 38. Kxa1
{[%clk 00:42:32]} {[%emt 00:00:04]} h5 {[%clk 00:21:23]} {[%emt 00:00:13]} 39.
gxh5 {[%clk 00:42:50]} {[%emt 00:00:13]} Rxg7 {[%clk 00:21:40]} {[%emt
00:00:13]} 40. Bxg7 {[%clk 00:43:15]} {[%emt 00:00:05]} 1-0

[Event "XLIV Memoriał Szachowy Ludwika Zamenhofa 2025, Grupa B"]
[Site "Bialystok, Poland"]
[Date "2025.12.29"]
[Round "5.9"]
[White "Krajdocha, Konrad"]
[Black "Mielczarski, Miroslaw"]
[Result "1/2-1/2"]
[TimeControl "90'+30\""]
[WhiteElo "1736"]
[BlackElo "2042"]

1. d4 {[%clk 01:30:58]} {[%emt 00:00:02]} d5 {[%clk 01:30:02]} {[%emt
00:00:59]} 2. Nc3 {[%clk 01:31:21]} {[%emt 00:00:07]} c6 {[%clk 01:24:35]}
{[%emt 00:05:57]} 3. Bf4 {[%clk 01:31:21]} {[%emt 00:00:29]} Nf6 {[%clk
01:24:34]} {[%emt 00:00:31]} 4. e3 {[%clk 01:28:30]} {[%emt 00:03:21]} Bf5
{[%clk 01:24:44]} {[%emt 00:00:20]} 5. f3 {[%clk 01:27:14]} {[%emt 00:01:47]}
h6 {[%clk 01:24:03]} {[%emt 00:01:10]} 6. g4 {[%clk 01:27:24]} {[%emt
00:00:20]} Bh7 {[%clk 01:24:26]} {[%emt 00:00:07]} 7. Bd3 {[%clk 01:27:26]}
{[%emt 00:00:29]} Bxd3 {[%clk 01:24:34]} {[%emt 00:00:21]} 8. Qxd3 {[%clk
01:27:51]} {[%emt 00:00:05]} e6 {[%clk 01:24:57]} {[%emt 00:00:08]} 9. Nge2
{[%clk 01:26:25]} {[%emt 00:01:55]} Bd6 {[%clk 01:22:22]} {[%emt 00:03:05]} 10.
h4 {[%clk 01:24:14]} {[%emt 00:02:41]} Na6 {[%clk 01:19:55]} {[%emt 00:02:58]}
11. Bxd6 {[%clk 01:21:28]} {[%emt 00:03:15]} Qxd6 {[%clk 01:20:06]} {[%emt
00:00:20]} 12. Nf4 {[%clk 01:21:26]} {[%emt 00:00:32]} e5 {[%clk 01:18:13]}
{[%emt 00:02:23]} 13. dxe5 {[%clk 01:21:30]} {[%emt 00:00:26]} Qxe5 {[%clk
01:17:57]} {[%emt 00:00:45]} 14. O-O-O {[%clk 01:20:51]} {[%emt 00:01:08]}
O-O-O {[%clk 01:14:04]} {[%emt 00:04:24]} 15. Qd4 {[%clk 01:17:57]} {[%emt
00:03:24]} Rhe8 {[%clk 01:14:10]} {[%emt 00:00:24]} 16. g5 {[%clk 01:14:06]}
{[%emt 00:04:22]} Ng8 {[%clk 01:14:07]} {[%emt 00:00:32]} 17. Rde1 {[%clk
01:11:51]} {[%emt 00:02:44]} Qxd4 {[%clk 00:56:35]} {[%emt 00:18:04]} 18. exd4
{[%clk 01:12:16]} {[%emt 00:00:06]} Nc7 {[%clk 00:56:58]} {[%emt 00:00:06]} 19.
g6 {[%clk 01:10:46]} {[%emt 00:02:00]} fxg6 {[%clk 00:54:59]} {[%emt 00:02:29]}
20. Nxg6 {[%clk 01:11:06]} {[%emt 00:00:08]} Ne6 {[%clk 00:55:01]} {[%emt
00:00:27]} 21. Ne2 {[%clk 01:11:03]} {[%emt 00:00:35]} Ne7 {[%clk 00:44:58]}
{[%emt 00:10:34]} 22. Nxe7+ {[%clk 01:11:26]} {[%emt 00:00:07]} Rxe7 {[%clk
00:45:19]} {[%emt 00:00:08]} 23. Nf4 {[%clk 01:11:40]} {[%emt 00:00:15]} Rde8
{[%clk 00:45:30]} {[%emt 00:00:21]} 24. Ng6 {[%clk 01:11:59]} {[%emt 00:00:10]}
Rf7 {[%clk 00:45:51]} {[%emt 00:00:08]} 25. Ne5 {[%clk 01:09:28]} {[%emt
00:03:02]} Rf4 {[%clk 00:44:26]} {[%emt 00:01:52]} 26. c3 {[%clk 01:09:50]}
{[%emt 00:00:12]} Nf8 {[%clk 00:42:34]} {[%emt 00:02:19]} 27. Reg1 {[%clk
01:07:53]} {[%emt 00:02:29]} Re7 {[%clk 00:41:00]} {[%emt 00:01:59]} 28. Kd2
{[%clk 01:07:27]} {[%emt 00:01:00]} Rf6 {[%clk 00:40:47]} {[%emt 00:00:38]} 29.
Rh3 {[%clk 00:59:03]} {[%emt 00:09:00]} Nd7 {[%clk 00:27:21]} {[%emt 00:13:57]}
30. Rhg3 {[%clk 00:58:59]} {[%emt 00:00:34]} Nxe5 {[%clk 00:22:43]} {[%emt
00:05:07]} 31. dxe5 {[%clk 00:59:01]} {[%emt 00:00:28]} Rff7 {[%clk 00:21:53]}
{[%emt 00:01:19]} 32. e6 {[%clk 00:59:16]} {[%emt 00:00:16]} 1/2-1/2